[Event "Cairo Al Ain op"]
[Site "Cairo"]
[Date "2023.12.01"]
[Round "8"]
[White "Atteya Essa, Khaled"]
[Black "Khaled Mohammed Sorour, Amro"]
[Result "1-0"]
[WhiteElo "1967"]
[BlackElo "1707"]
[PlyCount "59"]
[EventDate "2023.11.27"]
[EventType "swiss"]
[EventRounds "10"]
[EventCountry "EGY"]
[SourceTitle "CB49_2023"]
[SourceDate "2023.12.06"]
[SourceVersion "1"]
[SourceVersionDate "2023.12.06"]
[SourceQuality "1"]

1. e4 c5 2. Nf3 d6 3. d4 cxd4 4. Nxd4 Nf6 5. Nc3 a6 6. a4 e6 7. Be2 Nbd7 8. Be3 b6 9. g4 Bb7 10. f3 h6 11. Qd2 Ne5 12. 0-0-0 Qc7 13. h4 Nfd7 14. g5 h5 15. Rhe1 g6 16. f4 Nc4 17. Bxc4 Qxc4 18. f5 e5 19. fxg6 fxg6 20. b3 Qb4 21. Ne6 Rc8 22. Nd5 Qa3+ 23. Kb1 Bxd5 24. Qxd5 Be7 25. Rf1 Qb4 26. Bd2 Qa3 27. Qb7 Rb8 28. Qc6 b5 29. Ba5 bxa4 30. Nc7+ 1-0

[Event "Cairo Al Ain op"]
[Site "Cairo"]
[Date "2023.11.28"]
[Round "3"]
[White "Khaled Mohammed Sorour, Amro"]
[Black "Sayed, Hany"]
[Result "1-0"]
[WhiteElo "1707"]
[BlackElo "2028"]
[PlyCount "95"]
[EventDate "2023.11.27"]
[EventType "swiss"]
[EventRounds "10"]
[EventCountry "EGY"]
[SourceTitle "CB49_2023"]
[SourceDate "2023.12.06"]
[SourceVersion "1"]
[SourceVersionDate "2023.12.06"]
[SourceQuality "1"]

1. c4 e5 2. Nc3 Nf6 3. g3 d5 4. cxd5 Nxd5 5. Bg2 Nb6 6. Nf3 Nc6 7. 0-0 Be7 8. d3 0-0 9. Be3 Be6 10. Rc1 f6 11. a3 Qd7 12. Re1 Nd4 13. Bxd4 exd4 14. Ne4 Rfc8 15. b4 a5 16. Nc5 Bxc5 17. bxc5 Nd5 18. Nxd4 Bf7 19. c6 bxc6 20. Nxc6 Qd6 21. Qc2 Qxa3 22. Qc5 Qxc5 23. Rxc5 Nb6 24. Ne7+ Kf8 25. Nxc8 Rxc8 26. Rxa5 Be6 27. Rc1 Bg4 28. e3 Nd7 29. Ra8 Rxa8 30. Bxa8 c5 31. Kg2 Ke7 32. Be4 g6 33. d4 Kd6 34. dxc5+ Nxc5 35. Bf3 Be6 36. Rd1+ Ke7 37. Bd5 Bd7 38. f3 h5 39. h4 Be8 40. g4 Bb5 41. gxh5 gxh5 42. Be4 Nxe4 43. fxe4 Bc6 44. Kf3 f5 45. Kf4 Bxe4 46. Rg1 Kf6 47. Rg5 Bd3 48. Rxh5 1-0

[Event "Wch FIDE Online U14 Africa qual"]
[Site "Tornelo INT"]
[Date "2020.11.29"]
[Round "4"]
[White "Khaled Mohammed Sorour, Amro"]
[Black "Gosrani, Reeyan"]
[Result "0-1"]
[WhiteElo "1190"]
[BlackElo "1264"]
[PlyCount "78"]
[EventDate "2020.11.28"]
[EventType "swiss (rapid)"]
[EventRounds "7"]
[EventCountry "ISS"]
[SourceTitle "EXT 2022"]
[Source "ChessBase"]
[SourceDate "2021.10.06"]
[SourceVersion "1"]
[SourceVersionDate "2021.10.06"]
[SourceQuality "1"]

1. e4 e5 2. Nf3 Nc6 3. Bb5 a6 4. Ba4 Bc5 5. 0-0 d6 6. d4 exd4 7. Nxd4 Bd7 8. Nxc6 Bxc6 9. Bxc6+ bxc6 10. Nc3 Nf6 11. Bg5 h6 12. Bh4 0-0 13. Kh1 Re8 14. f4 Qe7 15. Qf3 Qe6 16. Rae1 Bb4 17. f5 Qe5 18. Bg3 Qe7 19. Bh4 Qe5 20. Bg3 Qe7 21. e5 dxe5 22. Bxe5 Bd6 23. Bxf6 Qxe1 24. Bd4 Qh4 25. g3 Qxd4 26. Qxc6 Bb4 27. Nd5 Qe4+ 28. Kg1 Red8 29. Rd1 Be1 30. c4 Qe2 31. Qa4 Qf2+ 32. Kh1 Qf3+ 33. Kg1 Bf2+ 34. Kf1 Bc5+ 35. Ke1 Re8+ 36. Kd2 Qe2+ 37. Kc1 Rab8 38. b4 Be3+ 39. Kb1 Rbc8 0-1

[Event "Wch FIDE Online U14 Africa qual"]
[Site "Tornelo INT"]
[Date "2020.11.28"]
[Round "1"]
[White "Munyere, Musa"]
[Black "Khaled Mohammed Sorour, Amro"]
[Result "0-1"]
[WhiteElo "1608"]
[BlackElo "1190"]
[PlyCount "80"]
[EventDate "2020.11.28"]
[EventType "swiss (rapid)"]
[EventRounds "7"]
[EventCountry "ISS"]
[SourceTitle "EXT 2022"]
[Source "ChessBase"]
[SourceDate "2021.10.06"]
[SourceVersion "1"]
[SourceVersionDate "2021.10.06"]
[SourceQuality "1"]

1. e4 e5 2. Nf3 Nc6 3. Bc4 Bc5 4. 0-0 Nf6 5. d4 Bxd4 6. Nxd4 Nxd4 7. Bg5 0-0 8. f4 Nc6 9. fxe5 Nxe5 10. Bxf6 gxf6 11. Bb3 d6 12. h3 Be6 13. Nc3 Kh8 14. Kh1 Nc4 15. Qd4 c5 16. Qxf6+ Qxf6 17. Rxf6 Kg7 18. Rf2 Nxb2 19. Bxe6 fxe6 20. Raf1 Nc4 21. Nb5 Rxf2 22. Rxf2 Rf8 23. Rxf8 Kxf8 24. Nxa7 Ke7 25. Nb5 d5 26. exd5 exd5 27. Nc3 Ke6 28. Kg1 Ne3 29. Na4 Kd6 30. c3 d4 31. cxd4 cxd4 32. Nb2 Kd5 33. Kf2 Nc4 34. Nxc4 Kxc4 35. Ke2 Kc3 36. a4 Kc2 37. g4 d3+ 38. Ke3 d2 39. h4 d1Q 40. g5 Qg4 0-1